Monthly statistics of international trade

Gespeichert in:
Bibliographische Detailangaben
Format: Schriftenreihe
Sprache:Englisch
Veröffentlicht: Paris OECD 2010
Schlagworte:
Tags: Tag hinzufügen
Keine Tags, Fügen Sie das erste Tag hinzu!

MARC

LEADER 00000nas2a2200000 4500
001 0181985
005 20190612132211.6
022 |a 1607-0623 
041 0 |a eng 
245 1 0 |a Monthly statistics of international trade 
264 1 |a Paris  |b OECD  |c 2010 
773 0 |w eu_un_cat*s124257 
610 2 0 |a obchod medzinárodný